000 00610nam a2200241Ia 4500
003 OSt
005 20220924150612.0
006 a|||||r|||| 00| 0
007 ta
008 220923b |||||||| |||| 00| 0 tel d
020 _c80.00
024 _a333871
037 _cTextual
040 _aARTS
_cARTS
_btel
041 _2tel
_atel
082 _a035,3x, N7
100 _aRao Ichchapurapu Jagannadha Au.
_9222522
245 0 _aVaanajallu
260 _c1997
650 _aTELUGU FICTION
942 _h035,3x, N7
_cTEXL
_2CC
999 _c463923
_d463923